LEADER 01118nam--2200373---450- 001 990001221620203316 005 20051003150124.0 035 $a000122162 035 $aUSA01000122162 035 $a(ALEPH)000122162USA01 035 $a000122162 100 $a20031027d1954----km-y0itay0103----ba 101 0 $aita 102 $aIT 105 $a||||||||001yy 200 1 $a<>adolescenza e l'educazione del carattere$etrad. autorizzata dall'inglese e introduzione di R. Titone 210 $aTorino$cS.E.I.$d1954 215 $aXXVII, 171 p.$d22 cm 225 2 $aPsicologia e Vita 410 0$12001$aPsicologia e Vita 454 1$12001 461 1$1001-------$12001 700 1$aALLERS,$bRudolf$0160829 702 1$aTITONE,$bR. 801 0$aIT$bsalbc$gISBD 912 $a990001221620203316 951 $aII.4. 2475(VI Ps-A-148)$b3363 L.M.$cVI 959 $aBK 969 $aUMA 979 $aSIAV5$b10$c20031027$lUSA01$h1252 979 $aPATRY$b90$c20040406$lUSA01$h1727 979 $aCOPAT2$b90$c20051003$lUSA01$h1501 996 $aAdolescenza e l'educazione del carattere$9211499 997 $aUNISA LEADER 01417nam 2200373Ia 450 001 996385304003316 005 20221108063129.0 035 $a(CKB)4940000000072711 035 $a(EEBO)2240880807 035 $a(OCoLC)10805153 035 $a(EXLCZ)994940000000072711 100 $a19840604d1693 uy | 101 0 $alat 135 $aurbn||||a|bb| 200 10$aClavis mathematicæ denuo limata, sive, Potius fabricata$b[electronic resource] $ecum aliis quibusdam ejusdem commentationibus, quæ in sequenti pagina recensentur /$fGuilelmi Oughtred ætonensis quondam Collegii Regalis in Cantabrigia Socii 205 $aEditio quinta auctior & emendatior. 210 $aOxoniæ $cExcudebat Leon. Lichfield$d1693 215 $a268 p. in various pagings $cill., port 300 $aIn 4 parts. Each part has separate t.p. and pagination. 300 $aAt head of title : Guilelmi Oughtred detonensis ... 300 $aReproduction of original in the Cambridge University Library. 330 $aeebo-0021 606 $aMathematics$vEarly works to 1800 606 $aAlgebra$vEarly works to 1800 615 0$aMathematics 615 0$aAlgebra 700 $aOughtred$b William$f1575-1660.$0744583 801 0$bUMI 801 1$bUMI 801 2$bWaOLN 906 $aBOOK 912 $a996385304003316 996 $aClavis mathematicæ denuo limata, sive, Potius fabricata$92317612 997 $aUNISA